Greek Gods and Godesses - Statistics

General Stats
  • This quiz has been taken 4,984 times
  • The average score is 13 of 15
Answer Stats
Hint Answer % Correct
King of the Gods Zeus
100%
King of the Underworld Hades
98%
Wife to the King of the Gods Hera
96%
Goddess of Beauty, Love and Desire Aphrodite
95%
God of the Ocean Poseidon
95%
God of war Ares
94%
Goddess of Wisdom Athena
94%
Messenger of the Gods Hermes
93%
Virgin goddess of the Hunt Artemis
87%
Wife to King of the Underworld Persephone
87%
God of Wine Dionysus
81%
Goddess of Agriculture, Grain and Harvest Demeter
78%
God of Music and Plague Apollo
76%
God of Fire, Metalworking and Stonemasonry Hephaestus
73%
Virgin goddess of the Hearth Hestia
71%
No matching quizzes found
Score Distribution
Percent of People with Each Score
Percentile by Number Answered
Your Score History
You have not taken this quiz